[Event "Voronezh op-B 22nd"]
[Site "Voronezh"]
[Date "2018.06.13"]
[Round "2"]
[White "Chuprik, Ilya"]
[Black "Tatarinova, Elena"]
[Result "1-0"]
[WhiteElo "1650"]
[BlackElo "1797"]
[PlyCount "76"]
[EventDate "2018.06.12"]
[EventType "swiss"]
[EventRounds "9"]
[EventCountry "RUS"]
[SourceTitle "CBM 185 Extra"]
[Source "ChessBase"]
[SourceDate "2018.07.29"]
[SourceVersion "1"]
[SourceVersionDate "2018.07.29"]
[SourceQuality "1"]

1. d4 Nf6 2. Bf4 g6 3. Nd2 d5 4. Ngf3 Bg7 5. e3 0-0 6. h3 c5 7. Be2 Nc6 8. c3 b6 9. Ne5 Bb7 10. h4 h6 11. g4 Nxe5 12. Bxe5 Nd7 13. Bxg7 Kxg7 14. f4 e6 15. Nf3 Rc8 16. Bd3 Nf6 17. Ne5 Ne4 18. Qc2 Qe7 19. 0-0-0 a6 20. Rdg1 b5 21. f5 cxd4 22. exd4 b4 23. c4 a5 24. Bxe4 dxe4 25. g5 hxg5 26. f6+ Qxf6 27. hxg5 Qf4+ 28. Kb1 Rh8 29. Qe2 e3 30. Rxh8 Rxh8 31. Rf1 Be4+ 32. Nd3 Qxf1+ 33. Qxf1 Rh1 34. Qxh1 Bxh1 35. Kc1 Be4 36. Ne1 f5 37. Kd1 f4 38. Ke2 Kf7 1-0